| 000 | 01501cam a22002771 4500 | ||
|---|---|---|---|
| 001 | 30678 | ||
| 003 | BD-RjUL | ||
| 005 | 20211209051612.0 | ||
| 008 | 140410s1954 ii b 000 0 eng d | ||
| 035 | _a(BD-RjUL)30765 | ||
| 040 |
_aDLC _cDLC _dDLC _dBD-RjUL _beng |
||
| 041 | _aeng | ||
| 082 |
_222 _a297.2845 _bCHC V-1 Pt-1&2 1954 |
||
| 100 | 1 |
_aChaudhuri, Roma, _d1910- _993191 |
|
| 245 | 1 | 2 |
_aA critical study of Dārā Shikūh's "Samudra-saṅgama" : _ban Indo-Islamic synthetic philosophy / _cVol I in two parts / by Roma Chaudhuri ; Vol II / by Jatindra Bimal Chaudhuri. _nVol I in two parts / by Roma Chaudhuri. _pPart I : _pA Comparative Survey of Indian and Islamic Views (viz. of the Upanisads, Vedanta-Systems, Quran and Sufi-Systems). _pPart II : _pEnglish Translation of "Samudra Sangama" With Critical Notes Comments Explanations and Reference. _nVol II : _pFirst critical edition of the Sanskrit text of "Samudra-Saṇgama" /by Jatindra Bimal Chaudhuri. |
| 260 |
_aCalcutta, _bSanskrita Siksa Parisat, Govt. of West Bengal, _c1954. |
||
| 300 |
_a12, 164, 19 p. : _c25 cm. |
||
| 504 | _aIncludes bibliographical references. | ||
| 650 | 0 |
_aIslam _xDoctrines. _993193 |
|
| 650 | 0 |
_aHinduism. _993194 |
|
| 700 | 1 | 2 |
_aChaudhuri, Jatindra Bimal. _tFirst critical edition of the Sanskrit text of Samudra-saṅgama. 1954. _993195 |
| 942 |
_2ddc _cBK |
||
| 999 |
_c30678 _d30678 |
||